000 00664nam a22002177a 4500
005 20251108172528.0
008 250721s9999 xx 000 0 ara d
082 1 4 _a347صاد
100 1 _aصادق، موريس
245 1 0 _aموسوعة الصيغ القانونية للدعاوى و العقود /
264 1 _aالقاهرة :
_bمكتبة دنيا القانون،
300 _a667ص
650 1 7 _aالقانون المدني
650 1 7 _aالإجراءات المدنية
650 1 7 _aمحاكمالإستئناف
650 1 7 _aالإيجار
650 1 7 _aالعقود
650 1 7 _aالشركات
942 _2ddc
_cBK
999 _c81698
_d81698